U.S. States Covered on a Map - Statistics

General Stats
  • This quiz has been taken 349 times
  • The average score is 6 of 7
Answers on the Map
Answers color-coded by a green-red scale on the quiz's map according to % correct below.
 
Answer Stats
State % Correct
Alaska
98%
Idaho
96%
New York
96%
Louisiana
94%
Massachusetts
92%
Minnesota
89%
Missouri
84%
No matching quizzes found
Score Distribution
Percent of People with Each Score
Percentile by Number Answered
Your Score History
You have not taken this quiz